000 00679nmm a2200265 a 4500
003 AR-BaBNM
005 20251128203731.0
008 096119s[19- ||||||||||||||000 | spa||
040 _cAR-BaBNM
100 1 _aValbuena Prat, Angel
245 1 0 _aHistoria de la literatura española
_nTomo 2
250 _a8ª ed.
260 _aBarcelona
_bGustavo Gili
_c[19--]
300 0 _a769 p.
500 0 _aNo se consigna fecha de edición
650 4 _aLITERATURA ESPANOLA
650 4 _aHISTORIA LITERARIA
650 4 _aRECURSOS LITERARIOS
650 4 _aCULTERANISMO
653 0 _aSIGLO DE ORO
653 0 _aBARROCO
655 _aLITERATURA
942 _cBK
998 _cisola
999 _c4701
_d4701